000
00365nam a2200145Ia 4500
003
GCL
008
140319s9999 xx 000 0 ara d
040
_a
GCL /
_c
GCL
082
0
4
_a
910.02
_b
م ث
100
1
_a
مور، و. ج
245
1
0
_a
ثروة العالم /
_c
مور، و. ج
700
1
_a
احمد صادق حمدى
300
_a
372
490
_a
100 قصة
_v
0
999
_c
43715
_d
43715